000 00638nam a2200229Ia 4500
003 OSt
005 20220923220629.0
006 a|||||r|||| 00| 0
007 ta
008 220922b |||||||| |||| 00| 0 hin d
024 _a188,090
037 _cTextual
040 _aARTS
_cARTS
_bhin
041 _2hin
_ahin
082 _aV281:1:N, 152F8
100 _aरधुवीर प्रसाद
245 0 _aझारखण्ड झनकार
246 _aZārakhaṇḍa zanakāra
260 _c1928
942 _hV281:1:N, 152F8
_cTEXL
_2CC
999 _c341166
_d341166